[Event "Kiev-ch"]
[Site "Kiev"]
[Date "2000.??.??"]
[Round "?"]
[White "Iljenchenko, Vladimir"]
[Black "Priemov, Sergei"]
[Result "1-0"]
[WhiteElo "2357"]
[BlackElo "2094"]
[PlyCount "93"]
[EventDate "2000.??.??"]
[EventType "swiss"]
[EventRounds "11"]
[EventCountry "UKR"]
[SourceTitle "EXT 2001"]
[Source "ChessBase"]
[SourceDate "2000.11.22"]
[SourceVersion "1"]
[SourceVersionDate "2000.11.22"]
[SourceQuality "1"]

1. d4 Nf6 2. Nf3 g6 3. Bf4 Bg7 4. e3 d6 5. h3 0-0 6. Bc4 Nbd7 7. c3 c6 8. Bh2 b5 9. Bd3 Bb7 10. 0-0 Re8 11. Nbd2 a6 12. a4 e5 13. e4 Qb6 14. Re1 Nh5 15. axb5 axb5 16. Rxa8 Rxa8 17. g4 Nf4 18. Bxf4 exf4 19. Qb3 Qa5 20. Ng5 Qa2 21. Bc2 Qxb3 22. Bxb3 Rf8 23. Ra1 h6 24. Nxf7 Ra8 25. Rxa8+ Bxa8 26. Ne5+ Kf8 27. Nxg6+ Ke8 28. Nxf4 Ke7 29. Nh5 Bh8 30. Ng3 c5 31. Nf5+ Kf8 32. Nxd6 cxd4 33. Nxb5 d3 34. Nc7 Bc6 35. Ne6+ Ke7 36. Nf4 Nc5 37. Ng6+ Kf6 38. Nxh8 Bxe4 39. Bc4 Bh7 40. b4 Na4 41. Nf7 Nxc3 42. Nxh6 Ke5 43. Nf5 Ne2+ 44. Kh2 Nf4 45. b5 Bg6 46. b6 Bxf5 47. b7 1-0

[Event "Kurass Memorial op 01st"]
[Site "Kiev"]
[Date "2000.??.??"]
[Round "8"]
[White "Priemov, Sergei"]
[Black "Prudnikov, Vladimir"]
[Result "0-1"]
[WhiteElo "2094"]
[BlackElo "2023"]
[PlyCount "36"]
[EventDate "2000.06.23"]
[EventType "swiss"]
[EventRounds "9"]
[EventCountry "UKR"]
[SourceTitle "EXT 2001"]
[Source "ChessBase"]
[SourceDate "2000.11.22"]
[SourceVersion "1"]
[SourceVersionDate "2000.11.22"]
[SourceQuality "1"]

1. e4 e5 2. f4 d5 3. exd5 e4 4. d3 Nf6 5. dxe4 Nxe4 6. Nf3 c6 7. c4 Bb4+ 8. Nbd2 0-0 9. dxc6 Nxc6 10. Be2 Qb6 11. Rf1 Bg4 12. Ne5 Bxd2+ 13. Bxd2 Nxe5 14. fxe5 Rad8 15. Bxg4 Nxd2 16. Qc2 Qe3+ 17. Be2 Nxf1 18. Kxf1 Rd2 0-1

[Event "Kiev-ch"]
[Site "Kiev"]
[Date "2000.??.??"]
[Round "?"]
[White "Priemov, Sergei"]
[Black "Semenova, Lidia K"]
[Result "0-1"]
[WhiteElo "2094"]
[BlackElo "2319"]
[PlyCount "130"]
[EventDate "2000.??.??"]
[EventType "swiss"]
[EventRounds "11"]
[EventCountry "UKR"]
[SourceTitle "EXT 2001"]
[Source "ChessBase"]
[SourceDate "2000.11.22"]
[SourceVersion "1"]
[SourceVersionDate "2000.11.22"]
[SourceQuality "1"]

1. e4 c6 2. d3 d5 3. Nd2 g6 4. Ngf3 Bg7 5. g3 Nf6 6. Bg2 0-0 7. 0-0 a5 8. a4 Na6 9. Re1 e6 10. Qe2 b6 11. Nb3 Bb7 12. Bg5 h6 13. Bd2 Qe7 14. Rad1 Rfd8 15. c3 Nc7 16. Bf4 c5 17. e5 Nd7 18. h4 Nf8 19. Nbd2 Bc6 20. Ra1 Qd7 21. Qd1 Rdb8 22. Qc2 Na6 23. Bf1 Qb7 24. d4 Rc8 25. Qb3 Rab8 26. Ra2 Be8 27. Be2 Nd7 28. Raa1 Ra8 29. Nb1 Nc7 30. Na3 Qa7 31. Qd1 Nb8 32. Qd2 Kh7 33. Nb5 Nxb5 34. axb5 c4 35. Kg2 Bxb5 36. Bd1 Rh8 37. Nh2 Nd7 38. Bc2 Kg8 39. g4 Qb8 40. Bg3 Nf8 41. Re2 Bd7 42. f4 Qc8 43. Rf2 b5 44. Raf1 Ra7 45. Kh1 Qd8 46. Nf3 a4 47. h5 Qe8 48. Nh4 gxh5 49. f5 exf5 50. gxf5 f6 51. Ng6 Nxg6 52. fxg6 f5 53. Bxf5 Bxf5 54. Rxf5 Qxg6 55. Bh4 Kh7 56. Bf6 Rg8 57. Qf2 Qg4 58. Qf3 Bxf6 59. Qxg4 hxg4 60. exf6 Rd7 61. Kg2 Kg6 62. Kg3 Kf7 63. Kf4 Rg5 64. Ke5 g3 65. Rg1 Rd8 0-1

[Event "Kurass Memorial op 01st"]
[Site "Kiev"]
[Date "2000.??.??"]
[Round "6"]
[White "Priemov, Sergei"]
[Black "Zhizmer, Yuri"]
[Result "0-1"]
[WhiteElo "2094"]
[BlackElo "2205"]
[PlyCount "150"]
[EventDate "2000.06.23"]
[EventType "swiss"]
[EventRounds "9"]
[EventCountry "UKR"]
[SourceTitle "EXT 2001"]
[Source "ChessBase"]
[SourceDate "2000.11.22"]
[SourceVersion "1"]
[SourceVersionDate "2000.11.22"]
[SourceQuality "1"]

1. e4 g6 2. d4 Bg7 3. c4 d6 4. Nc3 Nc6 5. Be3 e5 6. d5 Nce7 7. Qd2 f5 8. f3 f4 9. Bf2 Nf6 10. 0-0-0 g5 11. Kb1 b6 12. Nge2 0-0 13. Nc1 a5 14. Bd3 Ng6 15. Bc2 Bd7 16. Ba4 Kh8 17. Bxd7 Qxd7 18. h3 h5 19. Nd3 Bh6 20. b3 Kg7 21. a3 g4 22. hxg4 hxg4 23. Qe2 Bg5 24. Rdg1 Rh8 25. Qf1 g3 26. Be1 Ne7 27. Bd2 c6 28. Ka2 cxd5 29. cxd5 b5 30. Ne2 Rhc8 31. Qb1 a4 32. Rc1 axb3+ 33. Qxb3 Kg6 34. Nc3 Rc7 35. Nxb5 Rb7 36. Rb1 Rab8 37. a4 Nc8 38. Nb4 Na7 39. Nc6 Nxc6 40. dxc6 Qxc6 41. Rhc1 Qa6 42. Qa3 Ne8 43. Rb2 Be7 44. Bb4 Ra8 45. Kb3 Rb6 46. Rbc2 Qb7 47. Nc7 Rb8 48. Nd5 Ra6 49. Rc7 Nxc7 50. Rxc7 Qa8 51. Nxe7+ Kg5 52. Nd5 Rc6 53. Rxc6 Qxc6 54. Qb2 Rc8 55. Qc3 Qa6 56. Qd2 Qc4+ 57. Ka3 Qf1 58. Bc3 Qf2 59. Nb4 Rxc3+ 60. Qxc3 Qxg2 61. Qb3 Qd2 62. Qg8+ Kh6 63. Nd5 Qd3+ 64. Kb4 Qxf3 65. Nf6 g2 66. a5 Qe2 67. a6 Qe1+ 68. Kb5 g1Q 69. Ng4+ Kh5 70. Nf6+ Kh4 71. Qh7+ Kg3 72. Kc6 Qc5+ 73. Kd7 Qa7+ 74. Kd8 Qxh7 75. Nxh7 Qa5+ 0-1